000 00542nam a2200229Ia 4500
003 OSt
005 20221005131906.0
006 a|||||r|||| 00| 0
007 ta
008 221004b |||||||| |||| 00| 0 kan d
024 _a61162
037 _cTextual
040 _aCRL
_cCRL
_bkan
041 _2kan
_akan
082 _aQ3, 33J2
100 _aMirji annaraya
_9640254
245 0 _aTaina sharma
260 _c1952
650 _aRELIGION
942 _hQ3, 33J2
_cTEXL
_2cc
999 _c1061750
_d1061750